Čipové karty v bankovníctve - možnosti ich využitia na Slovensku
Možnosti využitia čipovej karty na Slovensku. Potreba skĺbiť výsledky v rozvoji magnetickej platobnej karty s čipovou kartou. Výhody a nevýhody čipovej karty. Postoj vyspelých krajín k čipovej karte. Odporúčania zahraničných hostí na medzinárodnom seminári o čipových kartách, ktorý zorganizovala Poš...
Saved in:
| Main Author: | |
|---|---|
| Format: | Book Chapter |
| Language: | Slovak |
| Subjects: | |
| Tags: |
No Tags, Be the first to tag this record!
|
MARC
| LEADER | 00000naa a2200000 4500 | ||
|---|---|---|---|
| 001 | r014841 | ||
| 005 | 20221205085844.2 | ||
| 041 | 0 | |a slo | |
| 044 | |a SK | ||
| 245 | 1 | 0 | |a Čipové karty v bankovníctve - možnosti ich využitia na Slovensku |c A. Baďurová |
| 520 | |a Možnosti využitia čipovej karty na Slovensku. Potreba skĺbiť výsledky v rozvoji magnetickej platobnej karty s čipovou kartou. Výhody a nevýhody čipovej karty. Postoj vyspelých krajín k čipovej karte. Odporúčania zahraničných hostí na medzinárodnom seminári o čipových kartách, ktorý zorganizovala Poštová banka, a.s. v spolupráci s BULL Slovakia, s.r.o. v Bratislave 1.2.1994. | ||
| 610 | 2 | 0 | |a styk platobný bezhotovostný |
| 610 | 2 | 0 | |a bankomaty |
| 610 | 2 | 0 | |a Slovensko |
| 610 | 2 | 0 | |a semináre |
| 610 | 2 | 0 | |a 1994 |
| 610 | 2 | 0 | |a karty platobné |
| 610 | 2 | 0 | |a BULL Slovakia, s.r.o. |
| 610 | 2 | 0 | |a Poštová banka, a.s. Bratislava |
| 100 | 1 | |a Baďurová, A. | |